Laboratorio de análisis agrícolas : utilidad y funcionamiento utilidad y funcionamiento
Descripción Física:
11 p. . il. ; 21 cm
Materias:
Química agrícola
MARC
| LEADER | 00000nam a2200000Ia 4500 | ||
|---|---|---|---|
| 001 | 8657 | ||
| 008 | 160829s1941 xx 000 0 cat d | ||
| 080 | |a FU-9-3 | ||
| 245 | |a Laboratorio de análisis agrícolas : |b utilidad y funcionamiento | ||
| 260 | |a Barcelona : |b Diputación Provincial. Servicios Técnicos de Agricultura, |c 1941 | ||
| 300 | |a 11 p. . il. ; |c 21 cm | ||
| 490 | |a Publicaciones divulgadoras de los Servicios Técnicos de Agricultura ; 2 | ||
| 650 | |a Química agrícola |9 21926 | ||
| 710 | 1 | |a Barcelona (Catalunya : Província). |b Servicios Técnicos de Agricultura |9 54614 | |
| 901 | |a Arxiu | ||
| 942 | |n 1 | ||
| 952 | |0 0 |1 0 |4 0 |6 FU93 |7 1 |9 41941 |a Arxiu |b Arxiu |d 2016-12-01 |l 0 |o FU-9-3 |p 8657 |r 2016-12-01 00:00:00 |w 2016-12-01 |y ARXIU | ||
| 999 | |c 44388 |d 44388 | ||